[Event "Bucharest Grand Prix op"]
[Site "Bucharest"]
[Date "2024.03.24"]
[Round "7"]
[White "Stoyanov, Tsvetan"]
[Black "Tanasie, Cosmin"]
[Result "1/2-1/2"]
[WhiteElo "2465"]
[BlackElo "2009"]
[PlyCount "94"]
[EventDate "2024.03.23"]
[EventType "swiss (rapid)"]
[EventRounds "10"]
[EventCountry "ROU"]
[SourceTitle "CB13_2024"]
[SourceDate "2024.03.27"]
[SourceVersion "1"]
[SourceVersionDate "2024.03.27"]
[SourceQuality "1"]

1. e4 c5 2. Nf3 Nc6 3. Bb5 g6 4. Bxc6 dxc6 5. d3 Bg7 6. h3 Nh6 7. Nc3 f6 8. Be3 b6 9. a4 a5 10. d4 cxd4 11. Nxd4 Qc7 12. f4 Nf7 13. 0-0 e5 14. fxe5 Nxe5 15. Qe1 0-0 16. Qg3 Qe7 17. Rad1 Bb7 18. Bf4 Rfe8 19. Kh1 Rad8 20. h4 Qb4 21. Nb3 b5 22. Be3 bxa4 23. Nc5 Bc8 24. N3xa4 Bg4 25. Rxd8 Rxd8 26. Bf4 Rd1 27. Rxd1 Bxd1 28. Bxe5 fxe5 29. Qf2 Bh6 30. Nc3 Bxc2 31. Nd7 Qe7 32. Nf6+ Kg7 33. Ng4 Bb3 34. Nxh6 Kxh6 35. Ne2 Kg7 36. Kg1 Qb4 37. Qe3 Bc4 38. Ng3 Qxb2 39. Qg5 Qd4+ 40. Kh2 Kf7 41. Qh6 Kg8 42. h5 Qd6 43. Qg5 Kf7 44. Qh6 Kg8 45. Qg5 Kf7 46. Qh6 Kg8 47. Qg5 Kf7 1/2-1/2

[Event "Titled Tuesday intern op 12th Mar Late"]
[Site "Chess.com INT"]
[Date "2024.03.12"]
[Round "5"]
[White "Goltsev, Dmitry"]
[Black "Stoyanov, Tsvetan"]
[Result "1-0"]
[WhiteElo "2215"]
[BlackElo "2465"]
[PlyCount "147"]
[EventDate "2024.03.12"]
[EventType "swiss (blitz)"]
[EventRounds "11"]
[EventCountry "USA"]
[SourceTitle "CB12_2024"]
[SourceDate "2023.10.01"]
[SourceVersion "1"]
[SourceVersionDate "2023.10.01"]
[SourceQuality "1"]

1. e4 g6 2. h4 c6 3. e5 Bg7 4. d4 d6 5. exd6 Qxd6 6. c3 Nf6 7. Nf3 0-0 8. Be2 Bg4 9. Nbd2 Nbd7 10. Nc4 Qc7 11. Ne3 Bxf3 12. Bxf3 e5 13. h5 exd4 14. cxd4 Rfe8 15. hxg6 hxg6 16. 0-0 Rad8 17. Qb3 Nf8 18. d5 c5 19. Qc4 N8d7 20. Rd1 Ne5 21. Qf4 Nxf3+ 22. Qxf3 b5 23. a4 a6 24. axb5 axb5 25. Ra6 Ne4 26. d6 Qb7 27. Ra3 Rxd6 28. Rxd6 Nxd6 29. Qxb7 Nxb7 30. Ra6 Re6 31. Ra8+ Kh7 32. Ra7 Nd6 33. b3 Bd4 34. Rd7 Kg7 35. Nc2 Bf6 36. Be3 c4 37. Nd4 Bxd4 38. Bxd4+ Kh7 39. bxc4 bxc4 40. Bc5 Ne4 41. Rxf7+ Kg8 42. Rc7 Nxc5 43. Rxc5 Re1+ 44. Kh2 Rc1 45. Kg3 Kf7 46. Rc6 Rc2 47. Kf3 c3 48. Ke3 Kg7 49. g4 Kf7 50. f3 Rc1 51. Rc4 c2 52. Kd2 Rf1 53. Rf4+ Ke6 54. Kxc2 Ke5 55. Rf8 Re1 56. Kd2 Rh1 57. Ke2 Rh2+ 58. Ke3 Rh3 59. Kf2 Rh7 60. Kg3 Rc7 61. Kh4 Rc3 62. Kg5 Rc6 63. f4+ Ke4 64. Re8+ Kf3 65. f5 gxf5 66. gxf5 Rc5 67. Kg6 Kf4 68. f6 Rg5+ 69. Kh7 Rf5 70. Kg7 Rg5+ 71. Kf7 Kf5 72. Ra8 Rg1 73. Ra5+ Ke4 74. Kf8 1-0

[Event "Titled Tuesday intern op 12th Mar Late"]
[Site "Chess.com INT"]
[Date "2024.03.12"]
[Round "7"]
[White "Korchmar, Vasiliy"]
[Black "Stoyanov, Tsvetan"]
[Result "0-1"]
[WhiteElo "2438"]
[BlackElo "2465"]
[PlyCount "78"]
[EventDate "2024.03.12"]
[EventType "swiss (blitz)"]
[EventRounds "11"]
[EventCountry "USA"]
[SourceTitle "CB12_2024"]
[SourceDate "2023.10.01"]
[SourceVersion "1"]
[SourceVersionDate "2023.10.01"]
[SourceQuality "1"]

1. e4 c5 2. d4 cxd4 3. Qxd4 Nc6 4. Qd3 Nf6 5. Nc3 g6 6. Nf3 d6 7. Be2 Bg7 8. 0-0 0-0 9. Nd5 Nd7 10. c3 Nc5 11. Qc2 e6 12. Ne3 f5 13. exf5 gxf5 14. Rd1 Qe7 15. Nf1 Ne4 16. Ng3 d5 17. Nh5 Bh8 18. Bh6 Re8 19. c4 d4 20. a3 Qf7 21. Ng5 Qg6 22. Nxe4 fxe4 23. Nf4 Qxh6 24. Qxe4 Be5 25. Nh5 Kh8 26. Rd3 Qg6 27. Qh4 Rg8 28. g3 Bd7 29. Rf3 Raf8 30. Bd3 Qh6 31. Rxf8 Rxf8 32. Re1 Be8 33. Rxe5 Nxe5 34. Qxd4 Qxh5 35. f4 Bg6 36. Qd6 Nf3+ 37. Kg2 Ne1+ 38. Kf1 Bxd3+ 39. Kxe1 Qe2# 0-1

[Event "Titled Tuesday intern op 12th Mar Late"]
[Site "Chess.com INT"]
[Date "2024.03.12"]
[Round "3"]
[White "Stoyanov, Tsvetan"]
[Black "Karas, Marek"]
[Result "1-0"]
[WhiteElo "2465"]
[BlackElo "2212"]
[PlyCount "129"]
[EventDate "2024.03.12"]
[EventType "swiss (blitz)"]
[EventRounds "11"]
[EventCountry "USA"]
[SourceTitle "CB12_2024"]
[SourceDate "2023.10.01"]
[SourceVersion "1"]
[SourceVersionDate "2023.10.01"]
[SourceQuality "1"]

1. c4 e5 2. Nc3 Nf6 3. Nf3 Nc6 4. g3 Bb4 5. Nd5 Bc5 6. Bg2 d6 7. 0-0 h6 8. e3 Bg4 9. h3 Bh5 10. g4 Bg6 11. d4 Bb6 12. b4 exd4 13. Nxb6 axb6 14. Nxd4 Nxd4 15. Qxd4 Rb8 16. Bb2 0-0 17. Rad1 Qe7 18. f4 Rfe8 19. f5 Bh7 20. Rfe1 Qe5 21. Qd2 Qe7 22. Qc3 Qe5 23. Qxe5 dxe5 24. Rd2 g6 25. e4 g5 26. Red1 Kg7 27. Kf2 Re7 28. Ke3 Rbe8 29. Bf3 Ng8 30. Rd7 f6 31. b5 c5 32. R7d6 Ra8 33. a3 Ra4 34. Be2 Rc7 35. Rxb6 Ne7 36. Rbd6 Bg8 37. Rd7 Rxd7 38. Rxd7 Kf8 39. Rxb7 Bxc4 40. Bd1 Ra5 41. a4 Ke8 42. Bc3 Ra8 43. Rb6 Kf7 44. Rd6 Nc8 45. Rd7+ Ke8 46. Rh7 Nb6 47. a5 Na4 48. Rh8+ Kd7 49. Rxa8 Nxc3 50. Bc2 Nxb5 51. Rh8 Nd4 52. Ba4+ Kc7 53. Rxh6 Kb7 54. Rxf6 Ba2 55. Rb6+ Kc7 56. Rg6 c4 57. Kd2 Bb3 58. Bxb3 Nxb3+ 59. Kc3 Nxa5 60. Rxg5 Kd6 61. h4 Kc5 62. h5 Nb7 63. f6 Nd6 64. Rxe5+ Kc6 65. Re6 1-0

[Event "Sant Boi de Llobregat op 4th"]
[Site "Sant Boi de Llobregat"]
[Date "2023.11.30"]
[Round "1"]
[White "Stoyanov, Tsvetan"]
[Black "Ruiz Buendia, Miguel"]
[Result "1-0"]
[WhiteElo "2458"]
[BlackElo "2255"]
[PlyCount "73"]
[EventDate "2023.11.30"]
[EventType "swiss"]
[EventRounds "9"]
[EventCountry "ESP"]
[SourceTitle "CB50_2023"]
[SourceDate "2023.12.13"]
[SourceVersion "1"]
[SourceVersionDate "2023.12.13"]
[SourceQuality "1"]

1. c4 c6 2. Nf3 d5 3. e3 Nf6 4. Nc3 e6 5. b3 Bd6 6. Bb2 0-0 7. Be2 e5 8. cxd5 cxd5 9. Nb5 Nc6 10. Nxd6 Qxd6 11. 0-0 d4 12. exd4 exd4 13. Re1 Re8 14. h3 d3 15. Bf1 Bf5 16. Rc1 Rad8 17. Rxe8+ Rxe8 18. Ne1 Rd8 19. Rc4 b5 20. Rc1 Be4 21. Nxd3 Bxd3 22. Bxd3 Qxd3 23. Rxc6 Ne4 24. Qg4 Qb1+ 25. Bc1 h6 26. Rc8 Rxc8 27. Qxc8+ Kh7 28. d4 g6 29. Qc7 Kg7 30. d5 b4 31. Kh2 Nxf2 32. Qe5+ Kh7 33. Bb2 f6 34. Qe7+ Kg8 35. Qe6+ Kg7 36. Qxf6+ Kh7 37. Qg7# 1-0

[Event "Sebes GP op"]
[Site "Sebes"]
[Date "2023.11.04"]
[Round "2"]
[White "Lolici, Iselin Amanda"]
[Black "Stoyanov, Tsvetan"]
[Result "0-1"]
[WhiteElo "1859"]
[BlackElo "2458"]
[PlyCount "36"]
[EventDate "2023.11.04"]
[EventType "swiss"]
[EventRounds "10"]
[EventCountry "ROU"]
[SourceTitle "CB46_2023"]
[SourceDate "2023.11.15"]
[SourceVersion "1"]
[SourceVersionDate "2023.11.15"]
[SourceQuality "1"]

1. c4 e5 2. g3 Nf6 3. Bg2 c6 4. d4 exd4 5. Qxd4 Na6 6. Nf3 Bc5 7. Qd1 Nc7 8. 0-0 d5 9. cxd5 Ncxd5 10. a3 a5 11. Qc2 Qe7 12. Nc3 Nxc3 13. Qxc3 h6 14. Bf4 0-0 15. Rac1 Ba7 16. Rfd1 Ne4 17. Qe5 Qxe5 18. Nxe5 Nxf2 0-1

[Event "Sebes GP op"]
[Site "Sebes"]
[Date "2023.11.04"]
[Round "3"]
[White "Stoyanov, Tsvetan"]
[Black "Antal, Hunor Zoltan"]
[Result "1/2-1/2"]
[WhiteElo "2458"]
[BlackElo "2201"]
[PlyCount "141"]
[EventDate "2023.11.04"]
[EventType "swiss"]
[EventRounds "10"]
[EventCountry "ROU"]
[SourceTitle "CB46_2023"]
[SourceDate "2023.11.15"]
[SourceVersion "1"]
[SourceVersionDate "2023.11.15"]
[SourceQuality "1"]

1. c4 c6 2. Nf3 d5 3. e3 Nf6 4. Nc3 g6 5. cxd5 cxd5 6. Qa4+ Nc6 7. Ne5 Bd7 8. Nxd7 Qxd7 9. Bb5 Bg7 10. Bxc6 Qxc6 11. Qxc6+ bxc6 12. d4 Nd7 13. Bd2 e5 14. dxe5 Nxe5 15. b3 0-0-0 16. 0-0 Kb7 17. Na4 Nd3 18. Rab1 d4 19. Rfd1 Rhe8 20. Ba5 Rd5 21. b4 Ne5 22. Nc5+ Kc8 23. exd4 Nc4 24. Nb3 Re2 25. Rbc1 Nxa5 26. bxa5 Kc7 27. a4 Rb2 28. Rd3 Ra2 29. Rc4 Rxa5 30. d5 R2xa4 31. Rxc6+ Kd7 32. Rc1 Rb5 33. h3 Ra3 34. Rf3 Bb2 35. Nc5+ Ke8 36. Re1+ Kf8 37. Nd7+ Kg7 38. Rxa3 Bxa3 39. Ne5 Rxd5 40. Nc4 Bc5 41. Kf1 h5 42. Ra1 Rd4 43. Rc1 Bb4 44. Ke2 a5 45. Ke3 Rd8 46. Ra1 Ra8 47. Kd4 Rd8+ 48. Ke4 f5+ 49. Ke3 Bc5+ 50. Kf3 Bb4 51. Ke3 Re8+ 52. Kd3 Rd8+ 53. Ke3 Rd5 54. Ke2 Kf6 55. f4 Rd4 56. Nxa5 Rxf4 57. Nb3 Re4+ 58. Kf3 h4 59. Ra6+ Re6 60. Ra4 Be1 61. Nd4 Rd6 62. Nc2 Bg3 63. Ne3 Rc6 64. Rc4 Rxc4 65. Nxc4 g5 66. Ne3 Ke5 67. Nc4+ Kd4 68. Ne3 Ke5 69. Nc4+ Kd4 70. Ne3 Ke5 71. Nc4+ 1/2-1/2

[Event "Berlin Radtke Memorial op"]
[Site "Berlin"]
[Date "2023.10.28"]
[Round "8"]
[White "Berin, Artem"]
[Black "Stoyanov, Tsvetan"]
[Result "0-1"]
[WhiteElo "2303"]
[BlackElo "2458"]
[PlyCount "98"]
[EventDate "2023.10.23"]
[EventType "swiss"]
[EventRounds "9"]
[EventCountry "GER"]
[SourceTitle "Mega2024 Update 01"]
[Source "Chessbase"]
[SourceDate "2023.11.12"]
[SourceVersion "1"]
[SourceVersionDate "2023.11.12"]
[SourceQuality "1"]

1. d4 Nf6 2. c4 b6 3. Nc3 Bb7 4. f3 d5 5. cxd5 Nxd5 6. e4 Nxc3 7. bxc3 e5 8. Bb5+ c6 9. Bc4 exd4 10. cxd4 Bb4+ 11. Kf1 0-0 12. Ne2 b5 13. Bd3 Nd7 14. Be3 a6 15. a4 bxa4 16. Qxa4 a5 17. Kf2 Qh4+ 18. g3 Qe7 19. Qb3 c5 20. Bb5 cxd4 21. Bxd4 Nc5 22. Qe3 Ne6 23. Kg2 f5 24. Bc4 Rac8 25. Bd5 fxe4 26. Bxe4 Nxd4 27. Nxd4 Rc3 28. Qe2 Rcxf3 29. Bxb7 Rf2+ 30. Qxf2 Rxf2+ 31. Kxf2 Qxb7 32. Nf3 g5 33. g4 Bc5+ 34. Kg3 Bd6+ 35. Kg2 Qe4 36. Rhf1 Qxg4+ 37. Kh1 Qe4 38. h3 a4 39. Rad1 Bf4 40. Rde1 Qc6 41. Re2 a3 42. Rg2 h6 43. h4 Kh7 44. hxg5 hxg5 45. Kg1 Qc5+ 46. Kh1 Qd5 47. Rff2 Kh8 48. Ng1 Qe6 49. Rf3 a2 0-1

[Event "Berlin Radtke Memorial op"]
[Site "Berlin"]
[Date "2023.10.27"]
[Round "7"]
[White "Parvanyan, Ashot"]
[Black "Stoyanov, Tsvetan"]
[Result "1-0"]
[WhiteElo "2409"]
[BlackElo "2458"]
[PlyCount "53"]
[EventDate "2023.10.23"]
[EventType "swiss"]
[EventRounds "9"]
[EventCountry "GER"]
[SourceTitle "Mega2024 Update 01"]
[Source "Chessbase"]
[SourceDate "2023.11.12"]
[SourceVersion "1"]
[SourceVersionDate "2023.11.12"]
[SourceQuality "1"]

1. Nf3 d5 2. g3 Nf6 3. Bg2 e6 4. 0-0 Be7 5. c4 0-0 6. d4 a5 7. Qc2 c6 8. Nbd2 b6 9. e4 Ba6 10. b3 Nbd7 11. Bb2 Rc8 12. Rad1 c5 13. exd5 exd5 14. Qf5 Re8 15. Ne5 cxd4 16. Nxf7 Kxf7 17. Bxd5+ Kf8 18. Nf3 Rc5 19. Nxd4 Bd6 20. Ne6+ Rxe6 21. Qxe6 Qe7 22. Rfe1 Nxd5 23. Bxg7+ Kxg7 24. Qg4+ Kf8 25. Rxe7 Bxe7 26. Qxd7 Bc8 27. Qa7 1-0

[Event "Berlin Radtke Memorial op"]
[Site "Berlin"]
[Date "2023.10.26"]
[Round "5"]
[White "Wachinger, Nikolas"]
[Black "Stoyanov, Tsvetan"]
[Result "1/2-1/2"]
[WhiteElo "2426"]
[BlackElo "2458"]
[PlyCount "53"]
[EventDate "2023.10.23"]
[EventType "swiss"]
[EventRounds "9"]
[EventCountry "GER"]
[SourceTitle "Mega2024 Update 01"]
[Source "Chessbase"]
[SourceDate "2023.11.12"]
[SourceVersion "1"]
[SourceVersionDate "2023.11.12"]
[SourceQuality "1"]

1. e4 e5 2. Nf3 Nf6 3. Nxe5 d6 4. Nf3 Nxe4 5. d4 d5 6. Bd3 Bd6 7. 0-0 0-0 8. c4 c6 9. Qc2 h6 10. Re1 Be6 11. cxd5 cxd5 12. Bxe4 dxe4 13. Qxe4 Bd5 14. Qg4 Qd7 15. Qxd7 Nxd7 16. Nc3 Bxf3 17. gxf3 Rac8 18. Be3 f5 19. Rac1 Kf7 20. Nd5 Rfe8 21. Rxc8 Rxc8 22. Bf4 Bf8 23. Kf1 Rc4 24. Be3 g5 25. Rc1 Rxc1+ 26. Bxc1 Nf6 27. Nxf6 1/2-1/2

[Event "Berlin Radtke Memorial op"]
[Site "Berlin"]
[Date "2023.10.24"]
[Round "2"]
[White "Boehme, Sebastian1"]
[Black "Stoyanov, Tsvetan"]
[Result "1/2-1/2"]
[WhiteElo "2245"]
[BlackElo "2458"]
[PlyCount "55"]
[EventDate "2023.10.23"]
[EventType "swiss"]
[EventRounds "9"]
[EventCountry "GER"]
[SourceTitle "Mega2024 Update 01"]
[Source "Chessbase"]
[SourceDate "2023.11.12"]
[SourceVersion "1"]
[SourceVersionDate "2023.11.12"]
[SourceQuality "1"]

1. e4 c5 2. c3 d5 3. exd5 Qxd5 4. d4 Nf6 5. Nf3 e6 6. Na3 Nc6 7. Be3 cxd4 8. Nb5 Qd8 9. Nbxd4 Nd5 10. Nxc6 bxc6 11. Bd2 Qb6 12. Qb3 Bc5 13. Qxb6 axb6 14. Bd3 Bb7 15. 0-0 0-0 16. Rfd1 Rfd8 17. Bf1 Nf6 18. a3 Ne4 19. Be3 Bxe3 20. fxe3 Kf8 21. Bd3 Nf6 22. h3 Ke7 23. Bc2 Rxd1+ 24. Rxd1 Nd7 25. Kf2 h6 26. Rd4 c5 27. Ra4 Rxa4 28. Bxa4 1/2-1/2

[Event "Berlin Radtke Memorial op"]
[Site "Berlin"]
[Date "2023.10.23"]
[Round "1"]
[White "Stoyanov, Tsvetan"]
[Black "Zheng, Harry Z"]
[Result "1-0"]
[WhiteElo "2458"]
[BlackElo "2141"]
[PlyCount "79"]
[EventDate "2023.10.23"]
[EventType "swiss"]
[EventRounds "9"]
[EventCountry "GER"]
[SourceTitle "Mega2024 Update 01"]
[Source "Chessbase"]
[SourceDate "2023.11.12"]
[SourceVersion "1"]
[SourceVersionDate "2023.11.12"]
[SourceQuality "1"]

1. c4 e5 2. Nc3 Nf6 3. Nf3 Nc6 4. g3 d5 5. cxd5 Nxd5 6. Bg2 Nb6 7. 0-0 Be7 8. a3 a5 9. d3 0-0 10. Be3 Nd7 11. Rc1 Nc5 12. b4 Ne6 13. b5 Ncd4 14. a4 Ba3 15. Rb1 Bb4 16. Bxd4 Nxd4 17. Nxd4 Bxc3 18. Nb3 Bb4 19. Qc2 Bd6 20. Qc3 c6 21. bxc6 bxc6 22. Qxc6 Ra7 23. Rfd1 Bb4 24. Qb5 Bg4 25. d4 Bd7 26. Bc6 Bxc6 27. Qxc6 exd4 28. Nxd4 Rc7 29. Qf3 Rc3 30. e3 Qc8 31. Nf5 g6 32. Rxb4 gxf5 33. Rb5 Rd8 34. Rxd8+ Qxd8 35. Qxf5 Rc1+ 36. Kg2 h6 37. Qf4 Qd3 38. Rb8+ Kg7 39. Qe5+ f6 40. Qe7+ 1-0

[Event "Titled Tuesday intern op 26th Sep Early"]
[Site "Chess.com INT"]
[Date "2023.09.26"]
[Round "11"]
[White "Cieslak, Patryk"]
[Black "Stoyanov, Tsvetan"]
[Result "0-1"]
[WhiteElo "2299"]
[BlackElo "2458"]
[PlyCount "86"]
[EventDate "2023.09.26"]
[EventType "swiss (blitz)"]
[EventRounds "11"]
[EventCountry "USA"]
[SourceTitle "EXT 2024"]
[Source "ChessBase"]
[SourceDate "2023.10.10"]
[SourceVersion "1"]
[SourceVersionDate "2023.10.10"]
[SourceQuality "1"]

1. e4 c5 2. Nf3 d6 3. d4 cxd4 4. Nxd4 Nf6 5. Nc3 a6 6. Be2 e5 7. Nb3 Be6 8. Be3 Be7 9. Nd5 Nxd5 10. exd5 Bf5 11. Qd2 Nd7 12. 0-0 0-0 13. Na5 Qc7 14. c4 Bd8 15. b4 Rc8 16. Rac1 Qb8 17. Nb3 Nf6 18. c5 Be4 19. Bc4 b5 20. cxb6 Bxb6 21. Bxa6 Rxc1 22. Rxc1 Nxd5 23. a3 Nxe3 24. fxe3 Qa7 25. Qe2 Bxe3+ 26. Kh1 Bxc1 27. Nxc1 f5 28. Nb3 Kh8 29. a4 Bd5 30. Nd2 f4 31. a5 Qd4 32. b5 Qa1+ 33. Qf1 Qxa5 34. Nf3 e4 35. Ng5 f3 36. Qd1 f2 37. Qf1 Bc4 38. b6 Qxa6 39. Nf7+ Rxf7 40. h4 Bxf1 41. g4 Qe2 42. h5 Qf3+ 43. Kh2 Qg2# 0-1

[Event "Titled Tuesday intern op 26th Sep Early"]
[Site "Chess.com INT"]
[Date "2023.09.26"]
[Round "7"]
[White "Nagy, Gabor"]
[Black "Stoyanov, Tsvetan"]
[Result "0-1"]
[WhiteElo "2448"]
[BlackElo "2458"]
[PlyCount "104"]
[EventDate "2023.09.26"]
[EventType "swiss (blitz)"]
[EventRounds "11"]
[EventCountry "USA"]
[SourceTitle "EXT 2024"]
[Source "ChessBase"]
[SourceDate "2023.10.10"]
[SourceVersion "1"]
[SourceVersionDate "2023.10.10"]
[SourceQuality "1"]

1. e4 c5 2. Nf3 d6 3. Nc3 a6 4. Be2 Nc6 5. d4 cxd4 6. Nxd4 Nf6 7. 0-0 g6 8. Nb3 Bg7 9. Bg5 0-0 10. Re1 Be6 11. Bf1 h6 12. Bh4 Nd7 13. Qd2 Nc5 14. Rad1 Nxb3 15. axb3 Qa5 16. Nd5 Qxd2 17. Rxd2 g5 18. Bg3 Rac8 19. c3 Rfe8 20. h4 Ne5 21. f3 Ng6 22. hxg5 hxg5 23. b4 Be5 24. Bf2 Kg7 25. b5 axb5 26. Bxb5 Rh8 27. Ra1 Bxd5 28. Rxd5 Nf4 29. Rdd1 Rh7 30. Kf1 Rch8 31. Bg1 Rh1 32. Rd2 R8h2 33. Rad1 Nh5 34. Bd7 Bg3 35. Bg4 Nf4 36. c4 Rh8 37. b4 Ra8 38. Rb2 Ra3 39. c5 dxc5 40. bxc5 Bh2 41. Kf2 Bxg1+ 42. Rxg1 Nd3+ 43. Kg3 Rxg1 44. Rxb7 Nxc5 45. Rxe7 Ra2 46. Bh5 Raxg2+ 47. Kh3 Kh6 48. Bxf7 Nd3 49. Re6+ Kg7 50. Rg6+ Kxf7 51. Rxg5 Nf4+ 52. Kh4 Rh2# 0-1

[Event "Titled Tuesday intern op 26th Sep Early"]
[Site "Chess.com INT"]
[Date "2023.09.26"]
[Round "3"]
[White "Stoyanov, Tsvetan"]
[Black "Joie, Sebastien"]
[Result "1-0"]
[WhiteElo "2458"]
[BlackElo "2399"]
[PlyCount "71"]
[EventDate "2023.09.26"]
[EventType "swiss (blitz)"]
[EventRounds "11"]
[EventCountry "USA"]
[SourceTitle "EXT 2024"]
[Source "ChessBase"]
[SourceDate "2023.10.10"]
[SourceVersion "1"]
[SourceVersionDate "2023.10.10"]
[SourceQuality "1"]

1. e4 c5 2. Nf3 Nc6 3. Bb5 g6 4. 0-0 Bg7 5. Re1 Nf6 6. Nc3 0-0 7. e5 Ne8 8. Bxc6 dxc6 9. d3 Nc7 10. h3 Ne6 11. a4 a5 12. Ne4 b6 13. Be3 Nd4 14. Bf4 Ba6 15. Nfd2 Qc7 16. Ng5 Rad8 17. Bh2 Qd7 18. Rc1 h6 19. Ngf3 Ne6 20. b3 b5 21. Ra1 b4 22. Rc1 h5 23. Ne4 Bh6 24. Rb1 Qd5 25. Nfd2 Nd4 26. Nc4 f5 27. exf6 exf6 28. Bd6 Rf7 29. Be7 Rdf8 30. Bxf8 Bxf8 31. Nxa5 Bc8 32. Nc4 Bf5 33. a5 g5 34. Qxh5 Bg7 35. Ned6 Bh7 36. Nxf7 1-0

[Event "Titled Tuesday intern op 26th Sep Early"]
[Site "Chess.com INT"]
[Date "2023.09.26"]
[Round "8"]
[White "Stoyanov, Tsvetan"]
[Black "Khoroshev, Nikita"]
[Result "1-0"]
[WhiteElo "2458"]
[BlackElo "2359"]
[PlyCount "57"]
[EventDate "2023.09.26"]
[EventType "swiss (blitz)"]
[EventRounds "11"]
[EventCountry "USA"]
[SourceTitle "EXT 2024"]
[Source "ChessBase"]
[SourceDate "2023.10.10"]
[SourceVersion "1"]
[SourceVersionDate "2023.10.10"]
[SourceQuality "1"]

1. c4 e5 2. Nc3 Nc6 3. Nf3 g6 4. d4 exd4 5. Nxd4 Bg7 6. Nxc6 bxc6 7. g3 Ne7 8. Bg2 0-0 9. 0-0 Bb7 10. Qc2 d5 11. Rd1 Qd7 12. Bf4 Rfd8 13. Na4 Qc8 14. Nc5 Ba6 15. cxd5 Nxd5 16. Bg5 Rd6 17. e4 Nb4 18. Qa4 Rb8 19. e5 Bxe5 20. a3 Be2 21. Re1 Bxb2 22. axb4 Bxa1 23. Qxa1 Qg4 24. Ne4 Re8 25. Bh6 f6 26. Nxf6+ Rxf6 27. Qxf6 Qd7 28. Rxe2 Qd1+ 29. Bf1 1-0

[Event "Plovdiv Tringov Memorial 45th"]
[Site "Plovdiv"]
[Date "2023.08.12"]
[Round "9"]
[White "Petrov, Martin"]
[Black "Stoyanov, Tsvetan"]
[Result "1/2-1/2"]
[WhiteElo "2499"]
[BlackElo "2454"]
[PlyCount "45"]
[EventDate "2023.08.06"]
[EventType "swiss"]
[EventRounds "9"]
[EventCountry "BUL"]
[SourceTitle "EXT 2024"]
[Source "ChessBase"]
[SourceDate "2023.10.10"]
[SourceVersion "1"]
[SourceVersionDate "2023.10.10"]
[SourceQuality "1"]

1. e4 c5 2. Nf3 d6 3. d4 cxd4 4. Nxd4 Nf6 5. Nc3 a6 6. Bg5 e6 7. f4 Qb6 8. Qd2 Qxb2 9. Rb1 Qa3 10. f5 Be7 11. fxe6 Bxe6 12. Nxe6 fxe6 13. Bc4 Nbd7 14. Bxe6 Nc5 15. Bb3 Rc8 16. 0-0 Nxb3 17. Rxb3 Qc5+ 18. Be3 Qc4 19. Rf4 Nh5 20. Rf2 Nf6 21. Rf4 Nh5 22. Rf2 Nf6 23. Rf4 1/2-1/2

[Event "Plovdiv Tringov Memorial 45th"]
[Site "Plovdiv"]
[Date "2023.08.09"]
[Round "5"]
[White "Stoyanov, Tsvetan"]
[Black "Dimitrov, Radoslav"]
[Result "0-1"]
[WhiteElo "2454"]
[BlackElo "2504"]
[PlyCount "92"]
[EventDate "2023.08.06"]
[EventType "swiss"]
[EventRounds "9"]
[EventCountry "BUL"]
[SourceTitle "EXT 2024"]
[Source "ChessBase"]
[SourceDate "2023.10.10"]
[SourceVersion "1"]
[SourceVersionDate "2023.10.10"]
[SourceQuality "1"]

1. c4 g6 2. g3 Bg7 3. Bg2 e5 4. Nc3 d6 5. d3 f5 6. e3 Nf6 7. Nge2 0-0 8. 0-0 c6 9. b4 Be6 10. b5 d5 11. Ba3 Re8 12. bxc6 Nxc6 13. cxd5 Nxd5 14. Nxd5 Bxd5 15. Bxd5+ Qxd5 16. Nc3 Qd7 17. Rb1 Re6 18. Qb3 b6 19. Nd5 Na5 20. Qb5 Rd8 21. Qxd7 Rxd7 22. e4 fxe4 23. dxe4 Nc4 24. Bb4 Bh6 25. Rfd1 Rf7 26. a4 a5 27. Bc3 Bf8 28. Kg2 Bc5 29. f3 g5 30. Be1 Ne3+ 31. Nxe3 Bxe3 32. Bc3 h5 33. Rd3 Bc5 34. Rf1 Rc7 35. Rfd1 Be7 36. Bd2 Rc4 37. Ra1 g4 38. Rc3 gxf3+ 39. Kxf3 Rf6+ 40. Kg2 Rxe4 41. Bg5 Re2+ 42. Kg1 Bb4 43. Bxf6 Bxc3 44. Rb1 Bd4+ 45. Kh1 Ra2 46. h3 Rxa4 0-1

[Event "Shumen Stojan Ivanov Memorial"]
[Site "Shumen"]
[Date "2023.07.30"]
[Round "9"]
[White "Todev, Simeon"]
[Black "Stoyanov, Tsvetan"]
[Result "0-1"]
[WhiteElo "1932"]
[BlackElo "2344"]
[PlyCount "68"]
[EventDate "2023.07.28"]
[EventType "swiss (rapid)"]
[EventRounds "11"]
[EventCountry "BUL"]
[SourceTitle "CBM 215 Extra"]
[Source "ChessBase"]
[SourceDate "2023.09.30"]
[SourceVersion "1"]
[SourceVersionDate "2023.09.30"]
[SourceQuality "1"]

1. e4 c5 2. Nf3 a6 3. c4 Nc6 4. Nc3 e5 5. d3 d6 6. Be2 h6 7. a3 g6 8. Be3 Bg7 9. Rb1 a5 10. Qb3 Nge7 11. h4 f5 12. g3 0-0 13. 0-0 f4 14. Bd2 Nd4 15. Nxd4 exd4 16. Bxf4 dxc3 17. bxc3 Nc6 18. Qd1 Bh3 19. Re1 Bxc3 20. Bd2 Qf6 21. Kh2 Be6 22. Rf1 Bxd2 23. Qxd2 Nd4 24. Bd1 g5 25. Rxb7 Rab8 26. Rxb8 Rxb8 27. Kg2 gxh4 28. f4 Qg7 29. Rg1 Bg4 30. Kh1 Bf3+ 31. Kh2 Bxd1 32. Qxd1 Rb2+ 33. Kh3 Ne2 34. Rg2 Nxf4+ 0-1

[Event "Shumen Stojan Ivanov Memorial"]
[Site "Shumen"]
[Date "2023.07.29"]
[Round "7"]
[White "Stoinev, Metodi"]
[Black "Stoyanov, Tsvetan"]
[Result "1/2-1/2"]
[WhiteElo "2105"]
[BlackElo "2344"]
[PlyCount "108"]
[EventDate "2023.07.28"]
[EventType "swiss (rapid)"]
[EventRounds "11"]
[EventCountry "BUL"]
[SourceTitle "CBM 215 Extra"]
[Source "ChessBase"]
[SourceDate "2023.09.30"]
[SourceVersion "1"]
[SourceVersionDate "2023.09.30"]
[SourceQuality "1"]

1. e4 e5 2. Nf3 Nf6 3. Nc3 Nc6 4. Bb5 Bb4 5. 0-0 0-0 6. d3 Bxc3 7. bxc3 d6 8. Re1 h6 9. d4 Bg4 10. h3 Bxf3 11. Qxf3 exd4 12. Bxc6 bxc6 13. cxd4 Re8 14. e5 dxe5 15. dxe5 Qd5 16. Qxd5 Nxd5 17. f4 Rab8 18. Re4 f6 19. Ba3 fxe5 20. fxe5 Re6 21. c4 Nf6 22. Re3 Nd7 23. Rae1 c5 24. Rd1 Rxe5 25. Rxe5 Nxe5 26. Bxc5 a6 27. Rd5 Rb1+ 28. Kh2 Nxc4 29. Rd7 Ne5 30. Rxc7 Rc1 31. a4 Nd3 32. Bd6 Rxc7 33. Bxc7 Kf7 34. Kg3 Ke6 35. Kg4 g6 36. a5 Kf6 37. Kf3 Kf5 38. g4+ Ke6 39. h4 h5 40. gxh5 gxh5 41. Ke4 Nc5+ 42. Kf4 Kf6 43. Bd8+ Kf7 44. Ke5 Nb3 45. Kf5 Nd4+ 46. Ke4 Nc6 47. Bc7 Ke6 48. Kf4 Kf6 49. Bb6 Kg6 50. Ke4 Ne7 51. Ke5 Kf7 52. Kf4 Ng6+ 53. Kg5 Nxh4 54. Kxh4 Ke6 1/2-1/2